header

Mail and female (Record no. 25386)

MARC details
000 -LEADER
fixed length control field 01920nam a2200469 a 4500
082 04 - DEWEY DECIMAL CLASSIFICATION NUMBER
Classification number 871/.01
100 1# - MAIN ENTRY--AUTHOR NAME
Personal name Lindheim, Sara H.
245 10 - TITLE STATEMENT
Title Mail and female
260 ## - PUBLICATION, DISTRIBUTION, ETC. (IMPRINT)
Place of publication Madison, Wis. :
Name of publisher University of Wisconsin Press,
Year of publication c2003.
300 ## - PHYSICAL DESCRIPTION
Number of Pages x, 270 p.
490 1# - SERIES STATEMENT
Series statement Wisconsin studies in classics
500 ## - GENERAL NOTE
General note Based on the author's dissertation (Brown University).
650 #0 - SUBJECT ADDED ENTRY--TOPICAL TERM
Topical Term Epistolary poetry, Latin
Topical Term Love poetry, Latin
Topical Term Narration (Rhetoric)
Topical Term Separation (Psychology) in literature.
Topical Term Mythology, Classical, in literature.
Topical Term Women and literature
Topical Term Love-letters in literature.
Topical Term Femininity in literature.
Topical Term Desire in literature.
Topical Term Women in literature.
Topical Term Rhetoric, Ancient.
856 40 - ELECTRONIC LOCATION AND ACCESS
Uniform Resource Identifier http://site.ebrary.com/lib/rucke/Doc?id=10223898

No items available.

© 2026 Rongo University
Contact us: librarian | system librarian | Rongo university